000 00297nam a2200121Ia 4500
008 190216s9999||||xx |||||||||||||| ||und||
100 _aRajiv Mathur
245 0 _aDbase Iii Plus For Beginners
260 _bGalgotia Publication Pvt Ltf
_c1994
300 _a590 p
650 _aComputer
942 _cBK
999 _c8439
_d8439